[Event "Vienna op-B 14th"]
[Site "Vienna"]
[Date "2003.08.23"]
[Round "8"]
[White "Miglitsch, Hannes"]
[Black "Baeder, Joachim"]
[Result "1-0"]
[WhiteElo "1957"]
[BlackElo "1731"]
[PlyCount "93"]
[EventDate "2003.08.16"]
[EventType "swiss"]
[EventRounds "9"]
[EventCountry "AUT"]
[SourceTitle "CBM 095 Extra"]
[Source "ChessBase"]
[SourceDate "2003.09.04"]
[SourceVersion "1"]
[SourceVersionDate "2003.09.04"]
[SourceQuality "1"]

1. e4 d5 2. e5 c5 3. d4 cxd4 4. Qxd4 e6 5. Nd2 Nc6 6. Bb5 Bd7 7. Bxc6 Bxc6 8. a4 Qa5 9. c3 Ne7 10. Nb3 Qc7 11. Nf3 Nf5 12. Qd1 Rd8 13. 0-0 b6 14. Re1 Bc5 15. Nbd4 Nxd4 16. Nxd4 Bxd4 17. Qxd4 Rc8 18. Qg4 Rg8 19. h4 Bb7 20. Qh5 h6 21. Be3 Ba6 22. Bd4 Qe7 23. a5 b5 24. b4 Rc4 25. Rad1 Kd7 26. Re3 Kc8 27. Rf3 Rc7 28. g3 Kb7 29. Rdd3 Ka8 30. Rf4 Rd8 31. Rdf3 Rdd7 32. Qg4 Qf8 33. Qxe6 fxe6 34. Rxf8+ Rc8 35. Rxc8+ Bxc8 36. Rf8 Rc7 37. h5 Kb7 38. Kg2 Ka8 39. Kh3 Kb7 40. Kh4 Kc6 41. Bxa7 Kb7 42. Bd4 Rc4 43. g4 Rc7 44. g5 hxg5+ 45. Kxg5 Bd7 46. Kg6 Bc6 47. Rg8 1-0

[Event "Vienna op-B 14th"]
[Site "Vienna"]
[Date "2003.08.19"]
[Round "4"]
[White "Baeder, Joachim"]
[Black "Bergen, Klaus"]
[Result "1/2-1/2"]
[WhiteElo "1731"]
[BlackElo "1986"]
[PlyCount "48"]
[EventDate "2003.08.16"]
[EventType "swiss"]
[EventRounds "9"]
[EventCountry "AUT"]
[SourceTitle "CBM 095 Extra"]
[Source "ChessBase"]
[SourceDate "2003.09.04"]
[SourceVersion "1"]
[SourceVersionDate "2003.09.04"]
[SourceQuality "1"]

1. e4 c5 2. c3 e6 3. d4 d5 4. exd5 exd5 5. Nf3 Nf6 6. Be2 Nc6 7. 0-0 Be7 8. dxc5 Bxc5 9. Bg5 Be7 10. Nbd2 0-0 11. Nb3 h6 12. Be3 Bf5 13. Nfd4 Be4 14. f3 Bg6 15. Bd3 Bxd3 16. Qxd3 Ne5 17. Qc2 Nc4 18. Rae1 Re8 19. Re2 Qd7 20. Rfe1 Nxe3 21. Rxe3 Bf8 22. Qd3 Rxe3 23. Rxe3 Re8 24. Kf2 a6 1/2-1/2

[Event "Vienna op-B 14th"]
[Site "Vienna"]
[Date "2003.08.16"]
[Round "1"]
[White "Wormus, Jay"]
[Black "Baeder, Joachim"]
[Result "1/2-1/2"]
[WhiteElo "1864"]
[BlackElo "1731"]
[PlyCount "64"]
[EventDate "2003.08.16"]
[EventType "swiss"]
[EventRounds "9"]
[EventCountry "AUT"]
[SourceTitle "CBM 095 Extra"]
[Source "ChessBase"]
[SourceDate "2003.09.04"]
[SourceVersion "1"]
[SourceVersionDate "2003.09.04"]
[SourceQuality "1"]

1. e4 e6 2. d4 d5 3. Be3 Nf6 4. e5 Nfd7 5. Be2 c5 6. c3 Nc6 7. Nf3 Qb6 8. Qd2 cxd4 9. cxd4 f6 10. exf6 Nxf6 11. 0-0 Bd7 12. Nc3 Be7 13. Ne5 Rc8 14. g4 Qd8 15. g5 Ng8 16. f4 Nxe5 17. fxe5 Bb4 18. Rf2 Ne7 19. Bg4 g6 20. Raf1 Nf5 21. Bxf5 exf5 22. Rc1 Qa5 23. Qd3 Bxc3 24. Rxc3 Rxc3 25. bxc3 Bb5 26. Qc2 Bc4 27. Qb2 b5 28. Qb4 Qxb4 29. cxb4 Ke7 30. Rc2 Ke6 31. Kf2 Ra8 32. a3 a5 1/2-1/2